Enciclopedia delle Matematiche elementari. (Record no. 189747)

MARC details
000 -LEADER
campo de control de longitud fija 00638nam a2200193 i 4500
001 - NÚMERO DE CONTROL
campo de control 189747
003 - IDENTIFICADOR DE NÚMERO DE CONTROL
campo de control ES-MaACL
005 - FECHA Y HORA DE LA ÚLTIMA TRANSACCIÓN
campo de control 20250903011206.0
008 - DATOS DE LONGITUD FIJA--INFORMACIÓN GENERAL
campo de control de longitud fija 191009m19301932it |||| | ita d
100 1# - ENTRADA PRINCIPAL--NOMBRE DE PERSONA
Nombre de persona Berzolari, Luigi.
9 (RLIN) 168495
245 10 - MENCIÓN DEL TÍTULO
Título Enciclopedia delle Matematiche elementari.
Número de parte o sección de la obra T. I, part. I y II /
Mención de responsabilidad, etc. a cura di L. Berzolari, G. Vivanti e D. Gigli.
260 ## - PUBLICACIÓN, DISTRIBUCIÓN, ETC.
Lugar de publicación, distribución, etc. Milano :
Nombre del editor, distribuidor, etc. Ubrico Hoepli,
Fecha de publicación, distribución, etc. 1930-1932.
300 ## - DESCRIPCIÓN FÍSICA
Extensión 2 v. ;
Dimensiones 24 cm.
650 07 - PUNTO DE ACCESO ADICIONAL DE MATERIA--TÉRMINO DE MATERIA
Término de materia o nombre geográfico como elemento de entrada Matemáticas
Fuente del encabezamiento o término embne
9 (RLIN) 14814
700 0# - ENTRADA AGREGADA--NOMBRE PERSONAL
Nombre de persona Vivanti, Giulio.
9 (RLIN) 115549
700 1# - ENTRADA AGREGADA--NOMBRE PERSONAL
Nombre de persona Gigli, Duilio.
9 (RLIN) 168496
852 ## - LOCALIZACIÓN
Ubicación ES-MaACL
Número de control de estantería C-8119-20
Holdings
Estatus retirado Estado de pérdida Estado de daño No para préstamo Colección Biblioteca de origen Biblioteca actual Ubicación en estantería Fecha de adquisición Fuente de adquisición Total de préstamos Signatura topográfica completa Código de barras Visto por última vez Precio de reemplazo Tipo de ítem Koha
        Colección de referencia Biblioteca del Ateneo de Madrid Biblioteca del Ateneo de Madrid Sala Palomar 04/11/2019     C-8119-20 1201227 23/02/2023 23/02/2023 Libro impreso